Quizzes
Events
Quiz Creation
Community
Videos
Private Events
Remove Ads
Sign In
Join for FREE
Feedback
Dark Mode
Quiz Categories
Sports
Geography
Music
Movies
Television
Just For Fun
Miscellaneous
History
Literature
Language
Science
Gaming
Entertainment
Religion
Holiday
For Kids
Quiz Lab
Recent
Popular Today
Quiz Kudos Today
Editor Picks
Curator Picks
Quizzes by...
Day
Popularity
Type
Ratings
Length
Year
Community
Subscriptions
Recent Discussions
Orange Saloon
Badges
Playlists
Quests
Create
Leaderboards
Showdown
Live 5
Trivia Bingo
Activity
Puzzle Library
Sporcle Events
Private Events
Virtual Trivia
Globe League
Become a Host
Pub Owners
SporcleCon
Opinionation
Our Games
Videos
Blog
Mobile Apps
Partnerships
Remove Ads and Go Orange
Feedback
Science
Computer
Plants
Astronomy
Chemistry
Elements
Math
Animal
Physics
Anatomy
Biology
Geology
General Science
Science
Computer
Plants
Astronomy
Chemistry
Elements
Math
Animal
Physics
Anatomy
Biology
Geology
General Science
Random Quiz
Search Sporcle
×
Quiz Lab
Quiz Lab
Science
Biology
Type in answers that appear in a list
Type in answers that appear in a list
Classic
Best Score? Go Orange.
Dino name Stats
Can you name the Dino food?
By
lozzyx
14m
14 Questions
70 Plays
70 Plays
70 Plays
Comments
Comments
Give Quiz Kudos
Give Quiz Kudos
-
- Ratings
hide this ad
Forced Order
Answers have to be entered in order
Answers have to be entered in order
Replay
Link that replays current quiz
Next Quiz
Link to next quiz in quiz playlist
You Got
0%
They Got
Avg Score
39%
Avg Friend Score
Upgrade to see
Score Distribution
Jump to the score distribution portion of the page
Score
0/14
Timer
14:00
0
Plays Today
whats special about them
dinosaurs
% Correct
three horns
Triceratops
80%
a meat eater dino with a spine
Spinosaurus
55.7%
dino with a big claw
Velociraptor
51.4%
have a spike as a thumb
Iguanodon
50%
tallest dino
Brachiosaurus
47.1%
known as aplatosaurus
Brontosaurus
45.7%
second biggest meat eating dino
Tyrannosaurus-Rex
45.7%
whats special about them
dinosaurs
% Correct
a raptor that has no big claw
Oviraptor
38.6%
has armoured body
Stegosaurus
35.7%
big jaw
Allosaurus
31.4%
biggest meat eater dino
Giganotosaurus
31.4%
a duckbilled dino
Parasaurolophus
21.4%
the fastest dino
Hypsilophodon
10%
a fast meat eater dino
Coelophysis
7.1%
Quiz Playlist
Details
Report
Send in Message
Add To Playlist
Classic:
Type in answers that appear in a list
Forced Order:
Answers have to be entered in order
Last Updated: Feb 16, 2017
Quiz Scoreboard
CHALLENGE
Sign Up to Join the Scoreboard
Show All
Scores
Hide
Comments
May contain spoilers
Recently Published
Click the 1999 NBA Draft
by nibperrychub
Sports
2m
Alphabetical 'K' Countries by Flag Minefield
by ylime102
Geography
3m
Pick 6: Fruits
by JohnFran
Miscellaneous
15s
More to Explore
Quiz From the Vault
Featured Blog Post
15 Basketball Trivia Facts You Can Be March Mad About
hide this ad
You Might Also Like...
Tags
Animal Quiz
Biology Quiz
Food Quiz
Geology Quiz
dino
dinosaur
eat
Paleontology
special
Today's Top Quizzes in Science
Browse Science
hide this ad
Today's Top Quizzes in Biology
Browse Biology
Top Contributed Quizzes in Science
1
Pick 6: Animals
2
Find the Spring Animals
3
Group Clicking: Animals II
4
The First 100 Digits of Pi
5
Flowers by Accent Chairs
6
Why is the sky blue? And other physics questions.
7
Square Numbers Scrambled (1-50)
8
Needlepoint Flowers
9
Needlepoint Flowers II
10
what months are considered part of the spring season/us
Explore More
Trending Topics
Harry Potter
Kpop
Anime
Crossword
Disney
NBA
Marvel
Puzzle
NFL
Song
Pokémon
Country
The Office
WWE
Soccer
hide this ad
More By:
lozzyx
Quiz
Plays
Rating
Category
Featured
Created
Disney Princess'
1,862
1.17
Movies
Dec 28, 2009
Dino name
70
1.00
Science
Dec 20, 2009
Go to Creator's Profile
Score Distribution
Quiz Creator Spotlight
lozzyx
Follow
Send a Message
Quizzes Created
-
Created Quiz Play Count
-
More By This Creator
Popular Quizzes Today
1
Countries of Asia Without Outlines Minefield
2
Find the US States - No Outlines Minefield
3
Pick 6: Fruits
4
Alphabetical 'K' Countries by Flag Minefield
5
The Countries of the World
6
Find the Countries of Europe - No Outlines Minefield
7
Find the US States
8
US States
More Science Quizzes
Animals of Pantanal Matogrossense National Park
Editor's Pick
Trending Quizzes
Pick 6: Mountains
Pick 6: Harry Potter
Pick 6: Flags
Pick 6: NFL Teams
Pick 6: Movie Franchises
Recently Updated
NWSL Teams
pecheneg
Women's Final Four Teams by Year
bhenderson79
Presidents Quartet II
eogle
Anything But Clue(do)
eogle
Anything But Oceanian Capitals
eogle
Anything But 7
eogle
Anything But Thing
eogle
Word Ladder: February 29
pecheneg
Song Title Questions
pecheneg
Women's NCAA Tournament #1 Seeds
pecheneg
Trending Topics
Crossword
Kpop
Disney
Anime
Marvel
Harry Potter
NBA
Country
Soccer
Puzzle
Pokémon
The Office
NFL
Song
WWE
Your Account Isn't Verified!
In order to create a playlist on Sporcle, you need to verify the email address you used during registration. Go to your
Sporcle Settings
to finish the process.
Report this User
Report this user for behavior that violates our
Community Guidelines
.
Details:
Send Report
Go to the Sporcle.com Mobile Site →
Comments